000 00884nam a2200265 i 4500
003 EG-GICUC
005 20260412184644.0
008 260412s1871 ||| |||fr|||| 00| 0 fre d
040 _aEG-GiCUC
_bfre
_cEG-GiCUC
_dEG-GiCUC
_eRda
082 0 4 _221
_a343.93
_bAC
092 0 4 _221
099 _aLaw1 10 343.93 AC 1871
245 0 2 _aDe L'action Publique Et De L'action Civile.
_nLivre Deuxième,
_pDe L'action Publique.
264 1 _a[Lieu De Publication Non Précisé] :
_b[Éditeur Non Spécifié],
_c1871.
300 _a762 page ;
_c 24 cm.
336 _2rda contenu
_a texte
337 _2rda medias
_aOrdinateur
338 _2 transporteur rda
_a Ressource en ligne
650 1 _aPolitique Criminelle
_2qrmak
650 1 _aDroit De Pénal
_2qrmak
651 1 _2qrmak
856 4 0 _uhttps://fll.law.cu.edu.eg/fulltext/bks/B10-08945.pdf
905 _a54
942 _2ddc
_cBK
_e21
_n0
999 _c70384
_d70384